| 000 | 00463nam a22001817a 4500 | ||
|---|---|---|---|
| 999 |
_c3824 _d3824 |
||
| 003 | GBCCL | ||
| 005 | 20241126110505.0 | ||
| 008 | 171213b xxu||||| |||| 00| 0 eng d | ||
| 040 | _cgbc | ||
| 082 |
_a242.2 _bJOW |
||
| 100 |
_aJowett, J.H. _97035 |
||
| 245 |
_aMy Daily Meditations / _cJ.H. Jowett |
||
| 260 |
_bSAIACS , _aBangalore: _c1990 |
||
| 300 |
_a366 p.; _c17 cm. |
||
| 650 |
_aMeditations _91412 |
||
| 650 |
_aDevotional Calenders _97530 |
||
| 942 |
_2ddc _cBK |
||